[Event "SF Monheim 1 - Kölner SK Dr. Lasker 1"]
[Site "NRW-Klasse, Gruppe 2 2010/201"]
[Date "2011.03.13"]
[Round "8.8"]
[White "Deppe, Arne"]
[Black "Eckler, Klaus"]
[Result "1-0"]
[WhiteElo "2043"]
[BlackElo "2030"]
[PlyCount "81"]
[EventDate "2011.??.??"]

1. e4 g6 2. d4 Bg7 3. c3 d5 4. Nd2 c5 5. dxc5 Nf6 6. Bb5+ Nc6 7. Qe2 O-O 8.
Ngf3 Bg4 9. exd5 Nxd5 10. O-O Rc8 11. h3 Bf5 12. Nb3 Qc7 13. Nfd4 Bd7 14. Bc4
Nf6 15. f4 a6 16. Bd2 Nh5 17. Qf2 e5 18. Nxc6 Bxc6 19. f5 Nf6 20. fxg6 hxg6 21.
Qh4 Bd5 22. Bg5 Bxc4 23. Qxc4 Nh7 24. Bh4 a5 25. a4 b6 26. Qb5 bxc5 27. Qxa5
Qc6 28. Be7 c4 29. Bxf8 Bxf8 30. Nd2 Bc5+ 31. Kh1 Ng5 32. Qb5 Qd5 33. Rad1 Nxh3
34. Qxc4 Qb7 35. Qe4 Qd7 36. Qh4 Nf4 37. Ne4 Qb7 38. Rxf4 exf4 39. Nxc5 Qxb2
40. Ne4 Kg7 41. Qf6+ 1-0

[Event "SV Erkenschwick 1 - Elberfelder SG 1"]
[Site "NRW-Klasse, Gruppe 2 2010/201"]
[Date "2011.04.03"]
[Round "9.1"]
[White "Odendahl, Reiner"]
[Black "Bitalzadeh, Ali"]
[Result "1-0"]
[WhiteElo "2300"]
[BlackElo "2433"]
[PlyCount "87"]
[EventDate "2011.??.??"]

1. Nf3 Nf6 2. g3 g6 3. Bg2 Bg7 4. O-O O-O 5. d4 d6 6. a4 Na6 7. Nc3 d5 8. Bf4
c6 9. a5 Bf5 10. Nh4 Bc8 11. Qd2 Re8 12. Be5 Bf8 13. Bf4 Ng4 14. Nf3 f6 15. h3
e5 16. dxe5 Nxe5 17. Nxe5 fxe5 18. Bg5 Be7 19. Bxe7 Qxe7 20. e4 d4 21. Ne2 c5
22. f4 exf4 23. Nxf4 Nc7 24. Rae1 Be6 25. b3 Rad8 26. Kh2 Qg5 27. Qd3 Qe5 28.
Nd5 Bxd5 29. exd5 Qd6 30. b4 Rxe1 31. Rxe1 Nxd5 32. Qc4 cxb4 33. Qxd4 Nf6 34.
Qxa7 Qd2 35. Re7 Qxc2 36. Qxb7 b3 37. a6 b2 38. a7 b1=Q 39. a8=Q Qbd1 40. Qaa7
Qh5 41. Qd4 Rf8 42. Rg7+ Kh8 43. Rf7 Rxf7 44. Qxf7 1-0

[Event "SV Erkenschwick 1 - Elberfelder SG 1"]
[Site "NRW-Klasse, Gruppe 2 2010/201"]
[Date "2011.04.03"]
[Round "9.2"]
[White "Erwich, Marc"]
[Black "Hintze, Helge"]
[Result "1-0"]
[WhiteElo "2296"]
[BlackElo "2303"]
[PlyCount "71"]
[EventDate "2011.??.??"]

1. e4 e6 2. d4 d5 3. e5 c5 4. c3 Qb6 5. Nf3 Nc6 6. a3 Nh6 7. b4 cxd4 8. cxd4
Nf5 9. Be3 g5 10. h3 Bd7 11. Be2 Nxe3 12. fxe3 h6 13. O-O Bg7 14. Nc3 O-O 15.
Na4 Qd8 16. Nc5 Bc8 17. Rc1 Ne7 18. Bd3 Nf5 19. Re1 b6 20. Na6 f6 21. Nc7 Rb8
22. Bb1 Rf7 23. Qc2 fxe5 24. dxe5 Bd7 25. g4 Ng3 26. Qh7+ Kf8 27. Nd4 Qe7 28.
Bg6 Bxe5 29. Bxf7 Qxf7 30. Qxh6+ Ke7 31. Qxg5+ Bf6 32. Qf4 Ne4 33. Ncxe6 Rh8
34. Rc7 Rxh3 35. Rxd7+ Kxd7 36. Qc7+ 1-0

[Event "SV Erkenschwick 1 - Elberfelder SG 1"]
[Site "NRW-Klasse, Gruppe 2 2010/201"]
[Date "2011.04.03"]
[Round "9.3"]
[White "Mantler, Hendrik"]
[Black "Willemze, Thomas"]
[Result "0-1"]
[WhiteElo "2144"]
[BlackElo "2350"]
[PlyCount "46"]
[EventDate "2011.??.??"]

1. e4 e6 2. d4 d5 3. Nc3 Nf6 4. Bg5 dxe4 5. Nxe4 Be7 6. Ng3 a6 7. Nf3 b5 8. Bd3
Bb7 9. O-O Nbd7 10. a4 b4 11. Qe2 c5 12. c3 cxd4 13. cxd4 O-O 14. a5 Re8 15.
Rfc1 Nf8 16. Ne4 Ng6 17. Nxf6+ gxf6 18. Be3 f5 19. Ne5 Bf6 20. f4 Nxf4 21. Qf2
Nxg2 22. Qg3+ Bg7 23. Bg5 Qxd4+ 0-1

[Event "SV Erkenschwick 1 - Elberfelder SG 1"]
[Site "NRW-Klasse, Gruppe 2 2010/201"]
[Date "2011.04.03"]
[Round "9.4"]
[White "van Beek, Alexander"]
[Black "Kurr, Gerd"]
[Result "1-0"]
[WhiteElo "2262"]
[BlackElo "2160"]
[PlyCount "77"]
[EventDate "2011.??.??"]

1. d4 Nf6 2. c4 c5 3. d5 b5 4. cxb5 a6 5. bxa6 g6 6. Nc3 Bxa6 7. Nf3 Bg7 8. g3
O-O 9. Bg2 d6 10. O-O Nbd7 11. Rb1 Qb6 12. b3 Rfb8 13. Qc2 Ng4 14. Na4 Qb5 15.
Re1 Nb6 16. Nxb6 Qxb6 17. h3 Ne5 18. Nxe5 Bxe5 19. Bb2 Bxb2 20. Rxb2 Bb5 21. e4
f6 22. Bf1 Bxf1 23. Kxf1 Ra3 24. Kg2 Qa5 25. Re2 Rb4 26. Kh2 Rd4 27. Rd2 Qb4
28. Rxd4 Qxd4 29. Rb1 Kf7 30. Re1 c4 31. Kg2 cxb3 32. axb3 f5 33. f3 Qa7 34.
Rb1 Ra2 35. Rb2 Ra1 36. Qf2 Qc7 37. Qe3 Qa5 38. exf5 Qxd5 39. Re2 1-0

[Event "SV Erkenschwick 1 - Elberfelder SG 1"]
[Site "NRW-Klasse, Gruppe 2 2010/201"]
[Date "2011.04.03"]
[Round "9.5"]
[White "Wunsch, Axel"]
[Black "Erwich, Frank A.S"]
[Result "0-1"]
[WhiteElo "2122"]
[BlackElo "2282"]
[PlyCount "94"]
[EventDate "2011.??.??"]

1. d4 Nf6 2. Nf3 b6 3. g3 Bb7 4. Bg2 e6 5. O-O Be7 6. c4 O-O 7. Nc3 Ne4 8. Qd3
Nxc3 9. bxc3 Nc6 10. Nd2 Na5 11. Nb3 Bxg2 12. Kxg2 Nb7 13. a4 c5 14. d5 Qc7 15.
Bf4 e5 16. Be3 Nd6 17. Nd2 f5 18. f4 Bf6 19. fxe5 Bxe5 20. Bf4 Rae8 21. Rae1
Rf7 22. e3 Qd8 23. Nf3 Bxf4 24. exf4 Ne4 25. Ne5 Rff8 26. Re3 d6 27. Nf3 Re7
28. Rfe1 Rfe8 29. h4 Qd7 30. Ng5 Qxa4 31. Nxe4 fxe4 32. Rxe4 Rxe4 33. Rxe4 Qd7
34. f5 Rxe4 35. Qxe4 a5 36. Kf3 a4 37. Kf4 a3 38. Qb1 Qa7 39. Qe4 Qa8 40. Qe6+
Kh8 41. f6 Qf8 42. f7 a2 43. Qe8 g5+ 44. Kxg5 Kg7 45. Qa4 Qe7+ 46. Kg4 Qe4+ 47.
Kh3 Qh1+ 0-1

[Event "SV Erkenschwick 1 - Elberfelder SG 1"]
[Site "NRW-Klasse, Gruppe 2 2010/201"]
[Date "2011.04.03"]
[Round "9.6"]
[White "Homs, Guust"]
[Black "Noetzel, Frank"]
[Result "1/2-1/2"]
[WhiteElo "2077"]
[BlackElo "2208"]
[PlyCount "33"]
[EventDate "2011.??.??"]

1. e4 e5 2. Nf3 Nc6 3. Nc3 g6 4. d4 exd4 5. Nxd4 Bg7 6. Nxc6 bxc6 7. Bc4 Ne7 8.
Bg5 h6 9. Be3 O-O 10. O-O d6 11. Qd2 Kh7 12. Bd4 Be6 13. Bxg7 Kxg7 14. Bb3 c5
15. Bd5 Rb8 16. b3 Rb4 17. Bxe6 1/2-1/2

[Event "SV Erkenschwick 1 - Elberfelder SG 1"]
[Site "NRW-Klasse, Gruppe 2 2010/201"]
[Date "2011.04.03"]
[Round "9.7"]
[White "Wicht, Juergen"]
[Black "Eggenstein, Frank"]
[Result "1/2-1/2"]
[WhiteElo "2069"]
[BlackElo "2022"]
[Annotator "Hausrath,Daniel"]
[PlyCount "43"]
[EventDate "2011.??.??"]

1. d4 f5 2. c4 Nf6 3. g3 g6 4. Bg2 Bg7 5. Nc3 d6 6. Nh3 O-O 7. d5 a5 8. O-O Na6
9. Rb1 Nc5 10. b3 Bd7 11. Nf4 Qe8 12. Be3 Nfe4 13. Nxe4 Nxe4 14. Bxe4 fxe4 15.
Ne6 Bxe6 16. dxe6 Qc8 17. Qd5 Rf5 18. Qxe4 Re5 19. Qf3 Rxe6 $11 20. c5 c6 21.
cxd6 exd6 22. a4 1/2-1/2

[Event "SV Erkenschwick 1 - Elberfelder SG 1"]
[Site "NRW-Klasse, Gruppe 2 2010/201"]
[Date "2011.04.03"]
[Round "9.8"]
[White "Strozewski, Frank"]
[Black "Reinartz, Georg"]
[Result "0-1"]
[WhiteElo "1983"]
[BlackElo "2255"]
[Annotator "Hausrath,Daniel"]
[PlyCount "98"]
[EventDate "2011.??.??"]

1. c4 e6 2. d4 Nf6 3. Nc3 Bb4 4. Bf4 b6 5. e3 Bb7 6. Nf3 O-O 7. Be2 Ne4 8. Qb3
Bxc3+ 9. bxc3 d6 10. Rd1 Qe7 11. O-O Nd7 12. Nd2 e5 13. Bg3 Nxg3 14. hxg3 g6
15. Rfe1 Kg7 16. f4 e4 17. Kf2 h5 18. Rh1 Nf6 19. Rh4 Bc8 20. Qb1 Bf5 21. Nf1
Qd7 22. Nh2 Qa4 23. Rd2 $11 Qd7 24. Rd1 Rh8 25. Rh1 a6 26. Qb2 Rhb8 27. Rb1 c5
28. Nf1 Qc7 29. Nd2 Qd7 30. Qc2 Qe7 31. Rhh1 Bd7 32. Rb2 Ra7 33. Rhb1 Rab7 34.
Qb3 h4 35. Rh1 hxg3+ 36. Kxg3 b5 37. Qc2 b4 38. Rhb1 a5 39. cxb4 axb4 40. Nb3
Rh8 41. Kf2 Ng4+ 42. Bxg4 Qh4+ 43. Kg1 Bxg4 44. Qxe4 Re7 45. g3 Qxg3+ 46. Rg2
Qh4 47. Qd5 Rxe3 48. Nd2 Qh1+ 49. Kf2 Re2+ 0-1

[Event "Mettmann-Sport 1 - SK Herne-Sodingen 1"]
[Site "NRW-Klasse, Gruppe 2 2010/201"]
[Date "2011.04.03"]
[Round "9.1"]
[White "Sandkamp, Ralph"]
[Black "Griebl, Joern"]
[Result "0-1"]
[WhiteElo "2230"]
[BlackElo "2262"]
[PlyCount "74"]
[EventDate "2011.??.??"]

1. e4 c5 2. Nf3 d6 3. d4 cxd4 4. Nxd4 Nf6 5. Nc3 a6 6. f4 e6 7. Bd3 Nc6 8. Nf3
Qb6 9. Qe2 Be7 10. Bd2 Qxb2 11. O-O Qb6+ 12. Kh1 Qc7 13. e5 dxe5 14. fxe5 Nd5
15. Ne4 Nxe5 16. Nxe5 Qxe5 17. c4 Nf6 18. Bc3 Qc7 19. Nxf6+ Bxf6 20. Rxf6 gxf6
21. Bxf6 Rf8 22. Bxh7 Bd7 23. Rd1 Rc8 24. Rd4 Qc5 25. Qd2 Rc7 26. Bg7 b5 27.
Bxf8 Qxf8 28. Rg4 Qc5 29. Bd3 Qe5 30. h4 f5 31. Rg8+ Kf7 32. Qg5 bxc4 33. Be2
Qa1+ 34. Kh2 Qe5+ 35. Kh3 Qc3+ 36. g3 e5 37. Rg6 f4+ 0-1

[Event "Mettmann-Sport 1 - SK Herne-Sodingen 1"]
[Site "NRW-Klasse, Gruppe 2 2010/201"]
[Date "2011.04.03"]
[Round "9.2"]
[White "Perschke, Ulrich"]
[Black "Graw, Christopher"]
[Result "1/2-1/2"]
[WhiteElo "2136"]
[BlackElo "2189"]
[Annotator "Hausrath,Daniel"]
[PlyCount "158"]
[EventDate "2011.??.??"]

1. c4 c6 2. g3 d5 3. cxd5 cxd5 4. Bg2 Nf6 5. Nf3 Nc6 6. O-O e5 7. d4 e4 8. Ne5
Qb6 9. e3 Bd6 10. Nxc6 bxc6 11. Nc3 O-O 12. Na4 Qc7 13. Bd2 Bg4 14. Qc2 Qd7 15.
Nc5 Qf5 16. f3 exf3 17. Qxf5 Bxf5 18. Bxf3 Bxc5 19. dxc5 Ne4 20. Bxe4 Bxe4 21.
b4 Rfe8 22. Bc3 Bd3 23. Rfe1 Re4 24. Bd4 Rae8 25. Kf2 R8e6 26. Red1 Bc4 27. Rd2
h5 28. h4 Kh7 29. Kf3 Kh6 30. Rf2 f6 31. Kg2 Re8 32. Rb2 Rb8 33. Rc1 Kg6 34.
Rcc2 a6 35. Rf2 Re7 36. a3 Ra8 37. a4 Rb8 38. a5 Reb7 39. Bc3 Kf7 40. Rf4 Re7
41. Kf3 Bd3 42. Rf2 Re6 43. Rh2 Ke7 44. Kf2 Be4 45. Ke1 Rg8 46. Rhf2 f5 47. Rh2
Rg6 48. Kf2 Rb8 49. Be1 Ke6 50. Kf1 d4 51. exd4 Kd5 52. Rb2 Re6 53. Bd2 Bd3+
54. Kg2 Re2+ 55. Rf2 Rxf2+ 56. Kxf2 Kxd4 57. Be1 Re8 58. Rd2 Re4 59. Rd1 g6 60.
Rc1 f4 61. Bc3+ $11 Kc4 62. Be1+ Kd5 63. gxf4 Bb5 64. Kf3 Rd4 65. Rc3 Rxb4 66.
Re3 Rb1 67. Re5+ Kc4 68. Bf2 Ba4 69. Re1 Rxe1 70. Bxe1 Kxc5 71. Ke3 Bc2 72. Kd2
Bf5 73. Bf2+ Kb4 74. Bb6 c5 75. Kc1 c4 76. Kb2 c3+ 77. Kc1 Kc4 78. Bd8 Kb5 79.
Kd1 Kc4 1/2-1/2

[Event "Mettmann-Sport 1 - SK Herne-Sodingen 1"]
[Site "NRW-Klasse, Gruppe 2 2010/201"]
[Date "2011.04.03"]
[Round "9.3"]
[White "Langers, Alexander"]
[Black "Tochtrop, Matthias"]
[Result "1/2-1/2"]
[WhiteElo "2155"]
[BlackElo "2105"]
[PlyCount "64"]
[EventDate "2011.??.??"]

1. e4 g6 2. d4 Bg7 3. c4 Nc6 4. Be3 e5 5. Nf3 d6 6. d5 Nce7 7. Nc3 f5 8. Qc2
Nf6 9. Bd3 O-O 10. Ng5 Ng4 11. Ne6 Bxe6 12. dxe6 Nxe3 13. fxe3 c6 14. O-O-O Qc8
15. c5 d5 16. exd5 cxd5 17. Bb5 Qxc5 18. Nxd5 Rac8 19. Qxc5 Rxc5+ 20. Nc3 e4
21. Rd7 Bxc3 22. bxc3 Nd5 23. Rxb7 Nxc3 24. Bd7 Kg7 25. e7 Nd5+ 26. Kb2 Nxe7
27. Bxf5 Rfxf5 28. Rxe7+ Kf6 29. Rxe4 Rf2+ 30. Kb3 Rcc2 31. Rh4 Rxa2 32. Rxh7
Rae2 1/2-1/2

[Event "Mettmann-Sport 1 - SK Herne-Sodingen 1"]
[Site "NRW-Klasse, Gruppe 2 2010/201"]
[Date "2011.04.03"]
[Round "9.4"]
[White "Wille, Thomas"]
[Black "Schippan, Bernhard"]
[Result "1-0"]
[WhiteElo "2095"]
[BlackElo "2222"]
[PlyCount "217"]
[EventDate "2011.??.??"]

1. d4 Nf6 2. e3 g6 3. g3 Bg7 4. Bg2 d6 5. b3 a5 6. Bb2 O-O 7. Ne2 Nbd7 8. O-O
a4 9. Qc1 c6 10. Nd2 Qa5 11. c4 Qh5 12. Re1 axb3 13. axb3 Rxa1 14. Qxa1 Re8 15.
Nf4 Qh6 16. Nd3 Bf8 17. Nf1 Qh5 18. Qd1 Qa5 19. Qd2 Qb6 20. Qc3 e5 21. d5 c5
22. e4 Bg7 23. Rb1 h5 24. Bc1 Qc7 25. Bd2 Nxe4 26. Bxe4 f5 27. Nxc5 Nxc5 28.
Bc2 Qf7 29. b4 Ne4 30. Bxe4 fxe4 31. c5 dxc5 32. bxc5 Qxd5 33. Qb3 Qxb3 34.
Rxb3 Rd8 35. Kg2 Bg4 36. Bg5 Bf3+ 37. Kh3 Rd7 38. Nd2 Bd1 39. Rb4 Bg4+ 40. Kg2
Bf5 41. Ra4 Rd4 42. Ra8+ Kh7 43. Rb8 Rd7 44. Nc4 Be6 45. Nd6 Bd5 46. Kf1 Rc7
47. Be3 Rd7 48. h4 Bf6 49. Bg5 Bg7 50. Ke2 Rc7 51. Be3 Bc6 52. Bg5 Bd5 53. Be3
Bc6 54. Kd2 Bf6 55. Kc3 Rd7 56. Bg5 Bg7 57. Kb4 e3 58. fxe3 e4 59. Ka5 Be5 60.
Bf4 Bxd6 61. cxd6 Kg7 62. Kb6 Kf6 63. Kc5 Rf7 64. Rc8 Ke6 65. Rg8 Kf5 66. Kb6
Bd5 67. Re8 Bc6 68. Re5+ Kf6 69. Rg5 Rd7 70. Kc5 Rd8 71. Kb6 Rd7 72. Rc5 Ke6
73. Ra5 Rf7 74. Ra8 Rd7 75. Rf8 Rf7 76. Rg8 Kf5 77. Kc5 Rd7 78. Bg5 Rf7 79. Be7
Bd7 80. Kb6 Bc6 81. Kc7 Kg4 82. Rxg6+ Kf3 83. Rg5 Kxe3 84. Rxh5 Kf3 85. Re5
Kxg3 86. d7 Bxd7 87. Kxd7 Kf3 88. Ke6 Rh7 89. Bg5 Rh8 90. Kf7 Rb8 91. Rb5 b6
92. Ke7 Kg4 93. Rb4 Kf5 94. Kd7 Rg8 95. Kd6 Re8 96. Kd7 Re5 97. Rb3 Kg4 98. Kd6
Re8 99. Re3 Kf5 100. Kd5 Re5+ 101. Kd4 Re6 102. Rb3 Rd6+ 103. Ke3 Rc6 104. Rb5+
Rc5 105. Rxb6 Rc3+ 106. Kd2 Rd3+ 107. Ke2 Rg3 108. Rf6+ Ke5 109. Bf4+ 1-0

[Event "Mettmann-Sport 1 - SK Herne-Sodingen 1"]
[Site "NRW-Klasse, Gruppe 2 2010/201"]
[Date "2011.04.03"]
[Round "9.5"]
[White "Waldschmidt, Georg"]
[Black "Meyer, Mario"]
[Result "0-1"]
[WhiteElo "2188"]
[BlackElo "2103"]
[PlyCount "54"]
[EventDate "2011.??.??"]

1. c4 f5 2. Nf3 Nf6 3. g3 g6 4. Bg2 Bg7 5. O-O d6 6. Nc3 O-O 7. d3 Nc6 8. Rb1
e5 9. b4 h6 10. b5 Ne7 11. c5 dxc5 12. Qb3+ Kh7 13. Nxe5 Ne4 14. dxe4 Bxe5 15.
Rd1 Qe8 16. Be3 b6 17. exf5 Bxf5 18. Rbc1 Rd8 19. Rxd8 Qxd8 20. Rd1 Qc8 21. Ne4
Be6 22. Qa4 Rd8 23. Re1 Bd5 24. Qxa7 Qf5 25. Nd2 Ra8 26. Qxa8 Bxa8 27. Bxa8 Qc2
0-1

[Event "Mettmann-Sport 1 - SK Herne-Sodingen 1"]
[Site "NRW-Klasse, Gruppe 2 2010/201"]
[Date "2011.04.03"]
[Round "9.6"]
[White "Sponheim, Marko"]
[Black "Kaehmann, Joerg"]
[Result "0-1"]
[WhiteElo "1988"]
[BlackElo "2170"]
[PlyCount "98"]
[EventDate "2011.??.??"]

1. e4 c5 2. Nf3 d6 3. d4 cxd4 4. Nxd4 Nf6 5. Nc3 Nc6 6. Bc4 Qb6 7. Nb3 e6 8.
Be3 Qc7 9. Be2 Be7 10. f4 a6 11. O-O b5 12. Bf3 Bb7 13. Qd2 O-O 14. Qf2 Rac8
15. Bb6 Qb8 16. a3 Nd7 17. Be3 Bf6 18. Nd4 Na5 19. Nce2 e5 20. fxe5 dxe5 21.
Nb3 Nc4 22. Bg4 Rcd8 23. Nc5 Nxc5 24. Bxc5 Rfe8 25. Ng3 Qc7 26. b3 Rd2 27. Be2
Nd6 28. Qe3 Rxc2 29. Rac1 Bg5 30. Qxg5 Qxc5+ 31. Kh1 h6 32. Rxc2 Qxc2 33. Qe3
Nxe4 34. Nf5 Qd2 35. Qf3 Nd6 36. Qe3 Qxe3 37. Nxe3 g6 38. Rd1 Re6 39. Nd5 Bxd5
40. Rxd5 Ne4 41. Bf3 Nf6 42. Rc5 Kg7 43. Kg1 e4 44. Be2 e3 45. Kf1 Ne4 46. Rc7
Nd2+ 47. Ke1 Nxb3 48. a4 Nd4 49. axb5 axb5 0-1

[Event "Mettmann-Sport 1 - SK Herne-Sodingen 1"]
[Site "NRW-Klasse, Gruppe 2 2010/201"]
[Date "2011.04.03"]
[Round "9.7"]
[White "Leveikina, Jevgenija"]
[Black "Schatzschneider, Karl Immo"]
[Result "1/2-1/2"]
[WhiteElo "2053"]
[BlackElo "2035"]
[PlyCount "64"]
[EventDate "2011.??.??"]

1. d4 Nf6 2. Nf3 e6 3. g3 b6 4. Bg2 Bb7 5. O-O Be7 6. c4 O-O 7. Nc3 Ne4 8. Qc2
Nxc3 9. Qxc3 f5 10. Ne5 Bxg2 11. Kxg2 a5 12. Qf3 Ra7 13. Bd2 Qe8 14. Bc3 Bf6
15. Nd3 g6 16. e4 d6 17. exf5 exf5 18. Nf4 Qf7 19. d5 Nd7 20. Ne6 Re8 21. Rfe1
Nf8 22. Nxf8 Kxf8 23. Rxe8+ Kxe8 24. Re1+ Kf8 25. Re6 Bg7 26. Qe3 Ra8 27. Bd4
Rc8 28. b3 Bxd4 29. Qxd4 Kg8 30. Qe3 Kf8 31. Qh6+ Kg8 32. Qe3 Kf8 1/2-1/2

[Event "Mettmann-Sport 1 - SK Herne-Sodingen 1"]
[Site "NRW-Klasse, Gruppe 2 2010/201"]
[Date "2011.04.03"]
[Round "9.8"]
[White "Hiltmann, Dirk"]
[Black "Wickenfeld, Stefan"]
[Result "0-1"]
[WhiteElo "1888"]
[BlackElo "2052"]
[PlyCount "70"]
[EventDate "2011.??.??"]

1. e4 d5 2. exd5 Nf6 3. Bb5+ Bd7 4. Bc4 b5 5. Bb3 Bg4 6. f3 Bc8 7. a4 b4 8. Ne2
Nxd5 9. O-O e6 10. c4 Ne7 11. d4 Nf5 12. Qd3 Nc6 13. Rd1 Qf6 14. a5 Bd7 15. Kh1
Rd8 16. Qe4 Be7 17. Bf4 Bd6 18. d5 Bxf4 19. dxc6 O-O 20. cxd7 Qxb2 21. Nd2 Ne3
22. Qxf4 Nxd1 23. Rxd1 Rxd7 24. Ba4 Rd6 25. Ng3 Qa2 26. Bb5 Rfd8 27. Ngf1 b3
28. Qe3 Qc2 29. Qxb3 Qxb3 30. Nxb3 Rxd1 31. Kg1 Rb1 32. Ba4 Rdd1 33. Kf2 Rxf1+
34. Ke3 Rb2 35. Nd2 Ra1 0-1

[Event "SF Schwerte 1 - SK Münster 2"]
[Site "NRW-Klasse, Gruppe 2 2010/201"]
[Date "2011.04.03"]
[Round "9.1"]
[White "Emunds, Hans Georg"]
[Black "Klug, Wolfgang"]
[Result "1/2-1/2"]
[WhiteElo "2119"]
[BlackElo "1911"]
[Annotator "Hausrath,Daniel"]
[PlyCount "116"]
[EventDate "2011.??.??"]

1. e4 c5 2. Nf3 g6 3. d4 cxd4 4. Nxd4 Nc6 5. c4 Nf6 6. Nc3 d6 7. Be2 Nxd4 8.
Qxd4 Bg7 9. Be3 O-O 10. Qd2 Be6 11. Rc1 Qa5 12. f3 Rfc8 13. b3 a6 14. Na4 Qxd2+
15. Kxd2 Nd7 16. Rc2 b5 17. cxb5 Rxc2+ 18. Kxc2 axb5 19. Bxb5 Nc5 20. Rd1 f5
21. Bxc5 dxc5 22. Bd7 Bxd7 23. Rxd7 fxe4 24. fxe4 Kf7 25. Kd3 Be5 26. Rd5 Bxh2
27. Rxc5 Bd6 28. Rc2 h5 29. Nb6 Rg8 30. Nc4 h4 31. e5 Bc5 32. Ke4 g5 33. Kd5
Bg1 34. Rc1 Rd8+ 35. Ke4 Bh2 36. b4 Ke6 $11 37. Ne3 Bxe5 38. Rc6+ Bd6 39. Nf5
Rf8 40. Nxd6 Rf4+ 41. Ke3 exd6 42. Rb6 Ke5 43. Rb8 Re4+ 44. Kf2 Rc4 45. a4 $11
Rc2+ 46. Kf3 Rc3+ 47. Kf2 Kf4 48. Rf8+ Kg4 49. Rf3 Rc2+ 50. Kg1 Rb2 51. b5 Ra2
52. Rd3 Rxa4 53. Rxd6 Rb4 54. b6 Rb3 55. Kh2 Rb4 56. Rf6 Rb1 57. Rc6 Rb4 58.
Rf6 Rb1 1/2-1/2

[Event "SF Schwerte 1 - SK Münster 2"]
[Site "NRW-Klasse, Gruppe 2 2010/201"]
[Date "2011.04.03"]
[Round "9.2"]
[White "Borzykin, Ihor"]
[Black "Chilla, Jan Eric"]
[Result "1/2-1/2"]
[WhiteElo "1944"]
[BlackElo "2106"]
[PlyCount "66"]
[EventDate "2011.??.??"]

1. e4 e5 2. Nf3 Nc6 3. Bc4 Bc5 4. d3 Nf6 5. Bg5 d6 6. Nc3 Na5 7. Bb3 Nxb3 8.
axb3 h6 9. Bxf6 Qxf6 10. Nd5 Qd8 11. b4 c6 12. bxc5 cxd5 13. exd5 dxc5 14. c4
O-O 15. O-O Qd6 16. Qe2 f6 17. Nd2 Bf5 18. Rfe1 Bh7 19. Ne4 Qc7 20. Qe3 b6 21.
Ra6 Rab8 22. Nc3 Rb7 23. Qh3 Kh8 24. Nb5 Qb8 25. Rea1 Rff7 26. R1a3 Rfe7 27. g3
Bg6 28. d6 Red7 29. Qg4 Be8 30. Qe6 Bf7 31. Qf5 Be8 32. Qe6 Bf7 33. Qf5 Be8
1/2-1/2

[Event "SF Schwerte 1 - SK Münster 2"]
[Site "NRW-Klasse, Gruppe 2 2010/201"]
[Date "2011.04.03"]
[Round "9.3"]
[White "Mueschenich, Stefan"]
[Black "Tawakol, Kai"]
[Result "1/2-1/2"]
[WhiteElo "2081"]
[BlackElo "2103"]
[PlyCount "79"]
[EventDate "2011.??.??"]

1. e4 e6 2. b3 d5 3. Bb2 dxe4 4. Nc3 Nf6 5. g4 h6 6. Bg2 Be7 7. h3 Nc6 8. Nge2
e5 9. Ng3 Be6 10. Ncxe4 Nxe4 11. Bxe4 Bd5 12. Qf3 Bxe4 13. Qxe4 O-O 14. O-O-O
Re8 15. Nf5 Bf8 16. Rhe1 Re6 17. f4 exf4 18. Qxf4 Qd7 19. Rxe6 fxe6 20. Ng3 Bd6
21. Qe3 Bxg3 22. Qxg3 Qd6 23. Qc3 e5 24. Qc4+ Kh8 25. Re1 Rd8 26. Qe2 Rd7 27.
d3 Re7 28. Rf1 Kg8 29. Qf3 Kh7 30. Qe4+ Kg8 31. Qf5 b6 32. Kb1 Qe6 33. Qf8+ Kh7
34. Qf3 e4 35. dxe4 Qxe4 36. Qc3 Nb4 37. a3 Nd5 38. Qc6 Nf4 39. Qc3 c5 40. Qg3
1/2-1/2

[Event "SF Schwerte 1 - SK Münster 2"]
[Site "NRW-Klasse, Gruppe 2 2010/201"]
[Date "2011.04.03"]
[Round "9.4"]
[White "Fleischhauer, Thomas"]
[Black "Davenport, Darcy"]
[Result "1/2-1/2"]
[WhiteElo "2033"]
[BlackElo "2077"]
[PlyCount "80"]
[EventDate "2011.??.??"]

1. c4 c6 2. Nc3 d5 3. cxd5 cxd5 4. d4 Nf6 5. Nf3 Nc6 6. g3 Bf5 7. Qb3 Na5 8.
Qb5+ Bd7 9. Qd3 Nc6 10. Bg2 e6 11. O-O Be7 12. Bf4 O-O 13. Rac1 Qa5 14. Ne5
Rfd8 15. Rfd1 Be8 16. a3 Nxe5 17. Bxe5 Rac8 18. Qd2 Qb6 19. h3 Bc6 20. Bxf6
Bxf6 21. e3 g6 22. Ne2 Bb5 23. Rxc8 Rxc8 24. Rc1 Rxc1+ 25. Nxc1 Qc7 26. Bf1
Bxf1 27. Kxf1 Be7 28. Nd3 Bd6 29. Kg2 Qc4 30. h4 h5 31. Kg1 a5 32. Ne1 b6 33.
Qc2 b5 34. b3 Qxc2 35. Nxc2 Kg7 36. Kf1 Kf6 37. Ke2 Kf5 38. Kf3 f6 39. a4 bxa4
40. bxa4 g5 1/2-1/2

[Event "SF Schwerte 1 - SK Münster 2"]
[Site "NRW-Klasse, Gruppe 2 2010/201"]
[Date "2011.04.03"]
[Round "9.5"]
[White "Wellen, Hendrik"]
[Black "Vicktor, Christian"]
[Result "1-0"]
[WhiteElo "2045"]
[BlackElo "2007"]
[PlyCount "67"]
[EventDate "2011.??.??"]

1. e4 d5 2. exd5 Qxd5 3. Nc3 Qd6 4. d4 Nf6 5. Nf3 c6 6. Ne5 Nbd7 7. Nc4 Qc7 8.
g3 Nb6 9. Ne5 Qd8 10. Bg2 Be6 11. O-O Rc8 12. Re1 g6 13. Bg5 Bg7 14. Qd2 O-O
15. Rad1 Nbd5 16. Na4 Rc7 17. Nc5 Bf5 18. c4 Nb6 19. b3 Re8 20. Nxb7 Rxb7 21.
Bxc6 Rb8 22. Bxe8 Qxe8 23. Qa5 Rb7 24. f3 h6 25. Bxf6 Bxf6 26. c5 Nc8 27. g4
Bd7 28. d5 Rb5 29. Qc7 Bxe5 30. Rxe5 Rb4 31. h3 Bb5 32. d6 f6 33. Re3 Bc6 34.
d7 1-0

[Event "SF Schwerte 1 - SK Münster 2"]
[Site "NRW-Klasse, Gruppe 2 2010/201"]
[Date "2011.04.03"]
[Round "9.6"]
[White "Zarges, Stephan"]
[Black "Kammers, Heribert"]
[Result "1-0"]
[WhiteElo "2142"]
[BlackElo "2053"]
[PlyCount "69"]
[EventDate "2011.??.??"]

1. e4 e6 2. d4 d5 3. e5 c5 4. c3 Nc6 5. Nf3 Bd7 6. a3 a5 7. Bd3 Nh6 8. O-O cxd4
9. cxd4 Nf5 10. Bxf5 exf5 11. Nc3 Be6 12. Be3 Be7 13. Rc1 g5 14. Qa4 Ra6 15.
Nb5 f4 16. Bd2 Kf8 17. Rc3 Qd7 18. Rfc1 g4 19. Ne1 Bb4 20. Rxc6 Bxd2 21. Rc7
Qe8 22. Rd1 Bxe1 23. Rxe1 Bd7 24. Qc2 Rb6 25. Nc3 Qe6 26. Qd2 Bc6 27. Ne2 f3
28. Nf4 Qf5 29. e6 f6 30. Nd3 Qg6 31. Qf4 Be8 32. Ne5 Qg5 33. Qxg5 fxg5 34.
Nd7+ Bxd7 35. exd7 1-0

[Event "SF Schwerte 1 - SK Münster 2"]
[Site "NRW-Klasse, Gruppe 2 2010/201"]
[Date "2011.04.03"]
[Round "9.7"]
[White "Borrink, Joern"]
[Black "Duerwald, Martin"]
[Result "1-0"]
[WhiteElo "2085"]
[BlackElo "2030"]
[PlyCount "119"]
[EventDate "2011.??.??"]

1. e4 c6 2. d4 d5 3. e5 Bf5 4. Nc3 Qb6 5. g4 Bd7 6. a3 e6 7. b4 a5 8. Rb1 axb4
9. Na2 c5 10. Nf3 Qa7 11. dxc5 Bxc5 12. Nxb4 Bxf2+ 13. Ke2 Bb5+ 14. Nd3 Ba6 15.
Bg2 Nc6 16. Rf1 Bd4 17. Qd2 Nxe5 18. Qf4 Nxf3 19. Rxf3 f6 20. Qd6 Ne7 21. Qxe6
Rc8 22. Kd1 Rc6 23. Qe2 Kf7 24. g5 Re6 25. Qd2 Re4 26. gxf6 Bxf6 27. Rf1 Rd8
28. Bb2 Qb6 29. Kc1 Qe3 30. Qxe3 Rxe3 31. Bxf6 gxf6 32. Kd2 Re4 33. Rf2 Ra4 34.
Rb6 Nc6 35. Nc5 Rxa3 36. Nxb7 Bxb7 37. Rxb7+ Kg6 38. Rb6 Rd6 39. Bf1 Kf7 40.
Bb5 Nd4 41. Rxd6 Nxb5 42. Rdxf6+ Ke7 43. Rh6 Nd6 44. Rxh7+ Ke6 45. Rh6+ Ke5 46.
Rh5+ Kd4 47. Rf8 Nc4+ 48. Ke2 Rc3 49. Rf4+ Kc5 50. Kd1 Ra3 51. Rf2 Ra2 52. Ke1
Ne3 53. Rd2 Kc4 54. Kf2 d4 55. Rh4 Kc3 56. Rhxd4 Ng4+ 57. Kg3 Ne5 58. Rd5 Nc4
59. R5d3+ Kb2 60. c3+ 1-0